Suurimmat kaupungit kirjaimittain - N - Statistics

Yleistilastot
  • Tätä visaa on pelattu 639 kertaa
  • Keskiarvotulos 7 / 15
Vastaustilastot
Valtio Väkiluku Kaupunki % Oikein
Yhdysvallat 23,1 milj. New York
94%
Italia 4,05 milj. Napoli
85%
Kenia 6,55 milj. Nairobi
84%
Venäjä 1,84 milj. Novosibirsk
57%
Japani 10,5 milj. Nagoya
53%
Kiina 9,05 milj. Nanjing
50%
Tšad 1,81 milj. N'Djamena
49%
Venäjä 1,66 milj. Nižni Novgorod
48%
Yhdysvallat 1,64 milj. Nashville
41%
Kiina 5,10 milj. Nanning
31%
Intia 3,45 milj. Nagpur
30%
Kiina 7,10 milj. Ningbo
17%
Kiina 4,80 milj. Nanchang
10%
Kiina 3,25 milj. Nantong
9%
Intia 2,28 milj. Nashik
9%
Ehtoja vastaavia visoja ei löytynyt
Tulosjakauma
Jokaisen tuloksen saaneiden osuus
Persentiili vastausten määrän mukaan
Tuloshistoriasi
Et ole pelannut tätä visaa